|
|
|
|
| LEADER |
00000nam a2200000 a 4500 |
| 001 |
vtls010326012 |
| 003 |
SK-MaSNL |
| 005 |
20260301173401.0 |
| 008 |
240314s2011 xo dl e 000 0 slo |
| 015 |
|
|
|a SNBA2012/01-00267
|
| 020 |
|
|
|a 9788089458172
|q (brož.)
|
| 035 |
|
|
|a FB04F754-1B83-4619-85EF-A09D54729C93
|
| 035 |
|
|
|a urn:nbn:sk:snk-amjj4w
|
| 035 |
|
|
|a urn:nbn:sk:snk-am000x97
|
| 040 |
|
|
|a SNK
|b slo
|c SNK
|e AACR2
|
| 041 |
0 |
|
|a slo
|
| 044 |
|
|
|a xo
|c SK
|
| 072 |
|
7 |
|a 332
|x Regionálna ekonómia, regionálna ekonomika
|2 konspekt
|
| 080 |
|
|
|a (048.8:082)
|2 2001
|
| 080 |
|
|
|a 658.114-022.54/.55
|2 2001
|
| 080 |
|
|
|a 338.246
|2 2001
|
| 080 |
|
|
|a 332.1
|2 2001
|
| 100 |
1 |
|
|a Gorza, Vladimír,
|d 1949-
|4 aut
|9 544188
|
| 245 |
1 |
0 |
|a Regionálne disparity v malom a strednom podnikaní
|b determinanty ekonomických disparít v podnikateľskom prostredí a v samosprávnych územných celkoch
|c Vladimír Gozora a kolektív
|
| 250 |
|
|
|a [1. vyd.]
|
| 260 |
|
|
|a Bratislava
|b Merkury
|c 2011
|
| 300 |
|
|
|a 188 s.
|b grafy, tab.
|c 21 cm
|
| 504 |
|
|
|a Bibliogr. odkazy
|
| 650 |
0 |
7 |
|a malé a stredné podnikanie
|2 SNKPH
|9 101119
|
| 650 |
0 |
7 |
|a Small and medium-sized business
|2 SNKPHeng
|9 310981
|
| 650 |
0 |
7 |
|a Industrial promotion
|2 SNKPHeng
|9 266689
|
| 650 |
0 |
7 |
|a podpora podnikania
|2 SNKPH
|9 4191
|
| 650 |
0 |
7 |
|a Regional disparities
|2 SNKPHeng
|9 329195
|
| 650 |
0 |
7 |
|a regionálne rozdiely
|2 SNKPH
|9 28943
|
| 655 |
|
7 |
|a kolektívne monografie
|2 SNKPH
|9 249850
|
| 655 |
|
7 |
|a Collective monographs
|2 SNKPHeng
|9 125747
|
| 919 |
|
|
|a 978-80-89458-17-2
|
| 958 |
|
|
|a NB
|
| 958 |
|
|
|a OND
|
| 968 |
|
|
|d 65
|
| 999 |
|
|
|c 836513
|d 838443
|
| 952 |
|
|
|a SNK
|b SNK
|y PREZ
|7 0
|p 17A0773675
|o snkSC 147297
|i snk2011/23268
|8 0
|0 0
|1 0
|4 0
|d 2011-11-24
|l 0
|r 2025-07-16 00:00:00
|w 2026-02-24
|
| 952 |
|
|
|a SNK
|b SNK
|y VYP
|7 0
|p 17A0773676
|o snkSC 147297 D1
|i snk2011/23270
|8 0
|0 0
|1 0
|4 0
|d 2011-11-24
|l 0
|r 2026-02-24 03:56:41
|w 2026-02-24
|